Liverpool Squad 22-23 - Statistics

General Stats
  • This quiz has been taken 13 times
  • The average score is 21 of 37
Answer Stats
Squad Number Player % Correct
1 Alisson
100%
11 Mohamed Salah
100%
66 Trent Alexander-Arnold
100%
27 Darwin Nunez
90%
5 Ibrahima Konate
90%
2 Joe Gomez
90%
32 Joel Matip
90%
6 Thiago
90%
4 Virgil Van Dijk
90%
14 Jordan Henderson
80%
23 Luis Diaz
80%
9 Roberto Firmino
80%
26 Andy Robertson
70%
17 Curtis Jones
70%
20 Diogo Jota
70%
19 Harvey Elliot
70%
7 James Milner
70%
13 Adrian
60%
18 Cody Gakpo
60%
3 Fabinho
60%
15 Alex Oxlade-Chamberlain
50%
21 Kostas Tsimikas
50%
42 Bobby Clark
40%
62 Caoimhin Kelleher
40%
8 Naby Keita
40%
50 Ben Doak
30%
22 Calvin Ramsey
30%
28 Fabio Carvalho
30%
47 Nathaniel Phillips
30%
43 Stefan Bajcetic
30%
46 Rhys Williams
20%
72 Sepp Van Den Berg
20%
29 Arthur
10%
49 Kaide Gordon
10%
80 Tyler Morton
10%
89 Billy Koumetio
0%
65 Leighton Clarkson
0%
No matching quizzes found
Score Distribution
Percent of People with Each Score
Percentile by Number Answered
Your Score History
You have not taken this quiz